• 首页
  • 本馆介绍
  • 公告通知
  • 最新文献
  • 馆藏检索
  • 电子资源
  • 读者导购
  • 参考咨询
  • 我的图书馆
  • 登录
  • 详细信息显示
  • 放入我的书架
  • 预约/预借图书
  • 作者相关作品
  • 分类相关作品
  • 丛书相关作品
  • 出版社相关作品

书目信息

  • 表格格式
  • 工作单格式
  • 卡片格式
题名:
动画剧本创作
    
 
作者: 朱雪 , 金鑫 编著
分册:  
出版信息: 上海   上海人民美术出版社  2012.01
页数: 127页
开本: 26cm
丛书名:
单 册:
中图分类: I053.5 , J954
科图分类:
主题词: 动画片--剧本--创作方法--高等学校--教材 , 动画片 , 剧本 , 创作方法
电子资源:
ISBN: 978-7-5322-7556-4
000 01135nam0 2200325 450
001 010700120222
005 20130608090502.21
010    @a978-7-5322-7556-4@dCNY38.00
035    @a005727305
100    @a20120409d2012 em y0chiy0110 ea
101 0  @achi
102    @aCN@b310000
105    @aa z 000yy
106    @ar
200 1  @a动画剧本创作@9dong hua ju ben chuang zuo@dComic and animation animation scriptwriting@f朱雪,金鑫编著@zeng
210    @a上海@c上海人民美术出版社@d2012.01
215    @a127页@c彩图@d26cm
300    @a中国高等院校动漫游戏专业“十二五”规划教材
330    @a本书从动画的基本概念、动画剧本概论、动画剧本创作的基本原理、动画剧本创作的方法和技巧、不同类型动画剧本的创作方法等五章对动画剧本创作方面提供了许多分析讲解。
510 1  @aComic and animation animation scriptwriting@zeng
606 0  @a动画片@x剧本@x创作方法@x高等学校@j教材
606 0  @a动画片
606 0  @a剧本
606 0  @a创作方法
690    @aI053.5@v5
690    @aJ954@v5
701  0 @a朱雪@9zhu xue@c(动画教师)@4编著
701  0 @a金鑫@9jin xin@c(女,动画)@4编著
801  0 @aCN@bNLC@c20120727
905    @dI053.5@e190
    
    动画剧本创作=Comic and animation animation scriptwriting/朱雪,金鑫编著.-上海:上海人民美术出版社,2012.01
    127页:彩图;26cm
    中国高等院校动漫游戏专业“十二五”规划教材
    
    ISBN 978-7-5322-7556-4:CNY38.00
    本书从动画的基本概念、动画剧本概论、动画剧本创作的基本原理、动画剧本创作的方法和技巧、不同类型动画剧本的创作方法等五章对动画剧本创作方面提供了许多分析讲解。
●
相关链接 在E读中查询图书 在五车中查询图书 在当当中查询图书 在豆瓣中查询图书


正题名:动画剧本创作     索取号:I053.5/190         预约/预借

序号 登录号 条形码 馆藏地/架位号 状态 备注
1 0543759   205437598   第一样本阅览室/ [索取号:I053.5/190] 在馆    
2 0543760   205437605   第二借阅区/ [索取号:I053.5/190] 在馆    
3 0543761   205437614   第二借阅区/ [索取号:I053.5/190] 在馆    
4 0543762   205437623   第二借阅区/ [索取号:I053.5/190] 在馆    
5 0543763   205437632   第二借阅区/ [索取号:I053.5/190] 在馆    
唐山师范学院图书馆 欢迎您!
大连网信软件有限公司© 版权所有